|
|
|
|
| LEADER |
01552nam a2200289 a 4500 |
| 001 |
12660097 |
| 008 |
101219r20042002njua b 001 0 eng d |
| 010 |
|
|
|a 2002276271
|
| 020 |
|
|
|a 8178086298
|
| 020 |
|
|
|a 0201180758
|
| 040 |
|
|
|a DLC
|c DLC
|d DLC
|d BD-DhAAL
|
| 082 |
0 |
0 |
|a 621.36/7
|2 21
|
| 100 |
1 |
|
|a Gonzalez, Rafael C.
|
| 245 |
1 |
0 |
|a Digital image processing /
|c Rafael C. Gonzalez, Richard E. Woods.
|
| 250 |
|
|
|a 2nd ed.
|
| 260 |
|
|
|a Upper Saddle River, N.J. :
|b Prentice Hall ;
|n ew Delhi :
|b Pearson Education,
|c c2002 [reprinted 2004].
|
| 300 |
|
|
|a xx, 793 p. :
|b ill. ;
|c 25 cm.
|
| 504 |
|
|
|a Includes bibliographical references and index.
|
| 541 |
1 |
|
|e 00010203
|
| 650 |
|
0 |
|a Image processing
|x Digital techniques.
|
| 700 |
1 |
|
|a Woods, Richard E.
|q (Richard Eugene),
|d 1954-
|
| 852 |
4 |
|
|a Ayesha Abed Library
|c General Shelf.
|
| 999 |
|
|
|c 10233
|d 10233
|
| 952 |
|
|
|0 0
|1 0
|2 ddc
|4 0
|6 621_367000000000000_GON
|7 0
|9 13656
|a BRACUL
|b BRACUL
|c GEN
|d 2010-12-19
|l 7
|m 66
|o 621.367 GON
|p 3010010203
|r 2024-10-20
|s 2023-10-12
|t 1
|w 2010-12-19
|y BK
|
| 952 |
|
|
|0 0
|1 0
|2 ddc
|4 0
|6 621_367000000000000_GON
|7 0
|9 13657
|a BRACUL
|b BRACUL
|c GEN
|d 2010-12-19
|l 8
|m 98
|o 621.367 GON
|p 3010010204
|r 2023-06-03
|s 2023-03-14
|t 2
|w 2010-12-19
|y BK
|
| 952 |
|
|
|0 0
|1 0
|2 ddc
|4 0
|6 621_367000000000000_GON
|7 0
|9 13658
|a BRACUL
|b BRACUL
|c GEN
|d 2010-12-19
|l 8
|m 102
|o 621.367 GON
|p 3010010389
|q 2026-06-02
|r 2026-02-03
|s 2026-02-03
|t 3
|w 2010-12-19
|y BK
|
| 952 |
|
|
|0 0
|1 0
|2 ddc
|4 0
|6 621_367000000000000_GON
|7 0
|9 13661
|a BRACUL
|b BRACUL
|c GEN
|d 2010-12-19
|g 592.00
|l 15
|m 107
|o 621.367 GON
|p 3010013408
|r 2026-05-18
|s 2026-02-03
|t 4
|w 2010-12-19
|y BK
|